Yüklüyor......

Services marketing

Detaylı Bibliyografya
Yazar: Woodruffe, Helen
Materyal Türü: Printed Book
Baskı/Yayın Bilgisi: Macmillan: India 1997
Konular:
LEADER 00507nam a2200193 4500
020 |c 148 
082 |a R 658.8S WOO 
100 |a Woodruffe, Helen 
245 |a Services marketing  |c Woodruffe, Helen 
250
260 |a Macmillan: India  |c 1997 
300 |a 307 p 
490
500
590
650 |a Services marketing 
942 |c BK 
999 |c 137102  |d 137102 
952 |0 0  |1 0  |4 0  |6 R_658_000000000000000_8S_WOO  |7 0  |9 150562  |a IMK  |b IMK  |g 148.00  |l 0  |o R 658.8S WOO  |p IMK04108  |r 2019-10-25  |w 2019-10-25  |y BK